Jusiurandum in litem
I tiakina i:
| Kaituhi matua: | |
|---|---|
| Hōputu: | Pukapuka |
| Reo: | Itāriana |
| I whakaputaina: |
Milán
Dott. A. Giuffrè
1958
|
| Ngā marau: | |
| Ngā Tūtohu: |
Tāpirihia he Tūtohu
Kāore He Tūtohu, Me noho koe te mea tuatahi ki te tūtohu i tēnei pūkete!
|
MARC
| LEADER | 00000nam a2200000 a 4500 | ||
|---|---|---|---|
| 001 | UCR0962 | ||
| 003 | CL-VaPUC | ||
| 008 | 971205e19580000IT |||||||||||||||||ita|d | ||
| 082 | 0 | 4 | |a 340.5401 |b CHI |2 21 |
| 100 | 0 | |a Chiazzese, Lauro |e author |9 397642 | |
| 245 | 1 | 0 | |a Jusiurandum in litem |
| 300 | |a 322 p | ||
| 942 | |c BK | ||
| 945 | |d 19971205 00:00:00 |a aolguin | ||
| 260 | |a Milán |b Dott. A. Giuffrè |c 1958 | ||
| 650 | 0 | |a Derecho romano |9 255930 | |
| 650 | 7 | |a FUENTES |2 CL-VaPUC |9 255666 | |
| 650 | 0 | |a Arbitraje judicial |9 384450 | |
| 650 | 0 | |a Justicia |9 255408 | |
| 650 | 7 | |a TEXTOS JURIDICOS |2 CL-VaPUC |9 397643 | |
| 583 | |a last modification |c 19971205 00:00:00 |k Rodrigo Vera | ||
| 999 | |c 264459 |d 264457 | ||
| 952 | |0 0 |1 0 |4 0 |6 340_540100000000000_CHI_1958 |7 0 |8 DER_ROM |9 294737 |a BIBDER |b BIBDER |d 2019-11-19 |i 1909703 |l 1 |o 340.5401 CHI 1958 |p 1909703 |r 2023-01-25 |s 2020-03-19 |w 2019-11-19 |x Ubicación 4to piso |y BK |z Este recurso debe solicitarse con anticipación |k DER | ||